| 000 | 01493cad a22002535a 4500 | ||
|---|---|---|---|
| 001 | E150920 | ||
| 008 | 100915s2009 xxk f 100 0 eng d | ||
| 020 | _a9781842195192 | ||
| 035 | _a(Sirsi) u150920 | ||
| 041 | 0 | _aeng | |
| 100 | 1 | _aPedro, Joao Branco | |
| 111 | 2 |
_aConstruction and Building Research Conference _cUniversity of Cape Town _d10-11 September 2009 |
|
| 245 | 0 | 0 |
_aComparison of tasks and responsibilities in the building control systems of European Union countries _h[electronic resource] |
| 260 |
_aLondon _bRICS _c2009 |
||
| 520 | _aCompares the tasks and responsibilities of public and private parties in the building control systems of the 27 European Union countries. The results are based on a questionnaire on building regulatory systems which was distributed to national experts in each country, and a review of major legal documents. The information is organized in thematic tables, with themes including: regulatory framework, application, plan approval, site inspection, completion and supervision. Concludes that the building control systems of EU countries have many similarities. | ||
| 590 | _aKA | ||
| 650 | 2 | 4 | _aCONSTRUCTION AND BUILDING RESEARCH CONFERENCE (COBRA) |
| 651 | 4 | _aEurope | |
| 690 | _aBUILT ENVIRONMENT-BUILDING STANDARDS | ||
| 700 | 1 | _aMeijer, Frits | |
| 700 | 1 | _aVisscher, Henk | |
| 856 | 4 | 0 |
_uhttps://www.rics.org/site/scripts/download_info.aspx?fileID=5053&categoryID=524 _zView the item free of charge at www.rics.org |
| 942 | _n0 | ||
| 999 |
_c111024 _d111024 |
||